000 00605nam a2200217Ia 4500
003 OSt
005 20230619110033.0
008 210423s1992 xx 000 0 und d
040 _cAL
041 _aeng
082 _a361.3
_223
_bCSWD
100 _aADAMS (John)
_9106705
245 _aDirectory of social welfare agencies in india karnataka
260 _aEngland
_bOxford & IBH
_c1992
365 _cINR
440 _v2
650 _aSocial Problems & Services
_9106706
650 _aSocial Work
_9106707
906 _aagencies ; Directory ; india ; karnataka ; social ; welfare
942 _2ddc
_cBK
999 _c172317
_d172317